[Event "Kurnosov Memorial Rapid 2020"]
[Site "Chelyabinsk"]
[Date "2020.09.06"]
[Round "10.1"]
[White "Demidov, Mikhail"]
[Black "Matlakov, Maxim"]
[Result "1-0"]
[WhiteElo "2519"]
[BlackElo "2685"]
[Annotator "TA"]
[PlyCount "85"]
[EventDate "2020.09.04"]
[EventType "swiss"]
[EventCountry "RUS"]
[SourceTitle "playchess.com"]
[Source "ChessBase"]
[SourceQuality "1"]

{[%evp 17,85,-21,-16,-28,-4,-14,-9,-13,-19,-15,5,5,8,12,0,-22,-17,-16,-16,-14,-7,-13,9,7,13,13,19,0,11,13,13,9,12,11,12,0,0,0,0,0,37,33,21,30,44,32,70,53,65,51,91,76,52,29,118,125,125,106,119,100,110,101,142,84,138,138,237,219,310,0]} 1. d4 d5 2. c4 e6 3. Nf3 Nf6 4. e3 Be7 5. Nc3 O-O 6. Bd3 dxc4 7. Bxc4 a6 8. a4 c5 9. O-O Nc6 10. Re1 {D37: Queen's Gambit Declined: 5 Bf4.} b6 11. d5 exd5 12. Nxd5 {The position is equal.} Nxd5 13. Bxd5 Bb7 14. e4 Qc7 15. Bd2 Rad8 {[#]} 16. Bc3 $146 ({Predecessor:} 16. Rc1 a5 17. Qe2 Nb4 18. Bxb4 axb4 19. b3 Bxd5 20. exd5 Bf6 21. Qc4 Bc3 22. Re4 {0-1 (44) Berisha,S (2044)-Moroz,G (1996) Bad Koetzting 2018}) 16... Nb4 17. Bxb4 cxb4 18. Qb3 Bxd5 19. exd5 Bc5 20. Rad1 a5 21. g3 Rfe8 22. Kg2 h6 23. Rxe8+ Rxe8 24. Qd3 Qd6 25. b3 Qg6 26. Qb5 Rd8 27. Qc4 Qf5 28. Rd2 Rd6 29. Qd3 $36 {[%mdl 2048] White has some pressure.} Qf6 30. Qe2 Rd8 31. Qe5 Qxe5 32. Nxe5 $14 {[%mdl 4096] Endgame KRB-KRN} Kf8 33. f4 f6 34. Nc6 Rc8 35. Re2 Rc7 (35... Re8 $11 {keeps the balance.} 36. Rd2 Bd6) 36. Kf3 $16 Rd7 37. Rd2 Kf7 38. Ke4 h5 39. f5 g6 40. h3 ({White should play} 40. fxg6+ Kxg6 41. Nd4) 40... Bd6 ({Black should try} 40... g5) 41. g4 h4 (41... gxf5+ $16 42. gxf5 (42. Kxf5 hxg4 43. hxg4 Bg3 $14) 42... Rc7) 42. Kd4 $18 Bc5+ {[#]} (42... Bf4 {is a better defense.} 43. fxg6+ Kxg6) 43. Ke4 $2 {[%mdl 32768] Accuracy: White = 94%, Black = 68%. . Sensor Board Error (Ke4/e5)?} (43. Kc4 $1 $18) 1-0

[Event "Kurnosov Memorial Rapid 2020"]
[Site "Chelyabinsk"]
[Date "2020.09.06"]
[Round "10.2"]
[White "Artemiev, Vladislav"]
[Black "Sjugirov, Sanan"]
[Result "1-0"]
[WhiteElo "2716"]
[BlackElo "2675"]
[Annotator "TA"]
[PlyCount "53"]
[EventDate "2020.09.04"]
[EventType "swiss"]
[EventCountry "RUS"]
[SourceTitle "playchess.com"]
[Source "ChessBase"]
[SourceQuality "1"]

{[%evp 9,53,0,0,4,12,4,18,13,13,12,11,16,16,12,22,17,17,0,0,0,0,0,0,4,16,18,0,0,11,0,44,39,58,64,94,107,151,143,142,150,137,140,147,139,393,385]} 1. c4 Nf6 2. Nf3 e6 3. Nc3 d5 4. e3 b6 5. b3 Bb7 6. Bb2 {A17: English Opening: 1...Nf6 with ...Bb4.} a6 7. g3 Nbd7 8. cxd5 {The position is equal.} exd5 9. Bg2 Bd6 10. O-O O-O 11. Rc1 Re8 12. Ne2 Rc8 {[#]} 13. Nfd4 $5 $146 {[%mdl 8] An interesting novelty.} ({Predecessor:} 13. d4 c5 14. Nf4 Rc7 15. Ba3 Nf8 16. Ne5 Bxe5 17. dxe5 Rxe5 18. Bb2 Re8 19. Bxf6 Qxf6 20. Nxd5 Bxd5 21. Bxd5 {½-½ (33) Zvjaginsev,V (2626)-Grandelius,N (2681) Budva 2019}) 13... c5 14. Nf5 Bf8 15. d4 g6 16. Nh4 Bg7 17. dxc5 bxc5 18. Nf3 a5 19. Nf4 Nb6 20. Qd3 c4 21. Qb1 Ba6 22. Rfd1 cxb3 23. axb3 Rxc1 24. Qxc1 Bb7 25. Qa1 Nbd7 26. Bd4 Qa8 $2 {[%mdl 8192] [#]} (26... Bh6 $16 27. Bc3 Ne4) 27. Bh3 {Accuracy: White = 100%, Black = 72%.} 1-0

[Event "Kurnosov Memorial Rapid 2020"]
[Site "Chelyabinsk"]
[Date "2020.09.06"]
[Round "10.3"]
[White "Vitiugov, Nikita"]
[Black "Lysyj, Igor"]
[Result "1/2-1/2"]
[WhiteElo "2722"]
[BlackElo "2594"]
[Annotator "TA"]
[PlyCount "32"]
[EventDate "2020.09.04"]
[EventType "swiss"]
[EventCountry "RUS"]
[SourceTitle "playchess.com"]
[Source "ChessBase"]
[SourceQuality "1"]

{[%evp 11,32,-3,20,16,20,16,28,20,18,21,19,6,32,32,26,-4,-4,-4,-4,-15,0,-11,-5]} 1. d4 Nf6 2. c4 e6 3. Nf3 d5 4. Nc3 c5 5. Bg5 cxd4 6. Nxd4 dxc4 7. e3 {D50: Queen's Gambit Declined: Dutch-Peruvian Gambit.} Be7 8. Bxc4 Bd7 $5 {[%mdl 4] Exploring less charted territory.} 9. O-O {White has an edge.} O-O 10. Qe2 Nc6 11. Rfd1 {[#]} Nxd4 $5 $146 {[%mdl 8] An interesting novelty.} ({Predecessor:} 11... Qb8 12. e4 Rd8 13. Nf3 h6 14. Bh4 a6 15. a4 Qa7 16. e5 Ne8 17. Bxe7 Nxe7 {1-0 (29) Pranav,V (2127)-Voloshin,P (1932) Maribor 2012}) 12. Rxd4 {[#] Threatens to win with Rad1.} Qc7 13. Bb5 Bxb5 {The position is equal.} 14. Qxb5 a6 15. Qb3 Rac8 16. Rad1 Rfd8 {Not much happened in this game. Accuracy: White = 86%, Black = 91%.} 1/2-1/2

[Event "Kurnosov Memorial Rapid 2020"]
[Site "Chelyabinsk"]
[Date "2020.09.06"]
[Round "10.4"]
[White "Sarana, Alexey"]
[Black "Fedoseev, Vladimir"]
[Result "1-0"]
[WhiteElo "2654"]
[BlackElo "2678"]
[Annotator "TA"]
[PlyCount "141"]
[EventDate "2020.09.04"]
[EventType "swiss"]
[EventCountry "RUS"]
[SourceTitle "playchess.com"]
[Source "ChessBase"]
[SourceQuality "1"]

{[%evp 13,141,-10,36,26,33,38,34,37,35,0,22,24,50,36,66,46,54,46,62,57,69,71,74,58,89,84,109,112,111,104,118,93,78,26,21,24,42,-29,-15,-31,-25,-23,-18,-18,104,79,78,-10,-13,-10,-25,-13,-4,-12,-11,-14,-7,-13,0,0,0,0,0,2,58,0,0,-25,-25,-39,0,0,0,0,0,-37,0,-24,-30,-264,-16,-455,-447,-422,-70,-102,-12,-8,-14,-22,0,-9,-7,-114,0,0,0,0,0,0,0,0,0,0,0,0,0,0,0,0,0,0,0,0,101,101,101,101,120,120,1689,489,5214,2133,12789,12190,11162,9679,6398,482]} 1. d4 d5 2. c4 c6 3. Nf3 Nf6 4. Nc3 dxc4 5. a4 Bf5 6. Ne5 Nbd7 {The main line 6...Nbd7 scores better than 6...e6.} 7. Nxc4 Nb6 8. e3 {D17: Slav Defence: 5 a4 Bf5: Lines with 6 Nh4 and 6 Ne5.} e6 9. Qb3 {was the old line (9.a5).} Be7 10. f3 {White is slightly better.} Bg6 11. a5 Nxc4 12. Bxc4 {[#]} Rb8 $146 ({Predecessor:} 12... Qd7 13. O-O O-O 14. Rd1 Rab8 15. e4 b5 16. Bf1 a6 17. Be3 Rfd8 18. Na2 Rbc8 {1-0 (50) Rosenthal,J (2235)-Bellmann,R (2079) Switzerland 2010}) 13. O-O b5 14. axb6 $1 axb6 15. Rd1 b5 16. Bf1 Qb6 17. e4 O-O 18. Be3 Ra8 19. Rac1 Rfd8 20. Ne2 Qb7 21. Nf4 Rac8 22. Nd3 Nd7 23. Qc3 (23. g3 $16) 23... f5 $11 24. Nf4 Bf7 25. b4 (25. Qc2 $14) 25... fxe4 26. fxe4 Nf6 27. e5 Ng4 28. Rb1 c5 (28... Ra8 $11 {keeps the balance.}) 29. dxc5 $16 ({Worse is} 29. bxc5 Qe4 $17) 29... Qe4 30. Rxd8+ (30. Re1 $16) 30... Rxd8 $11 31. Re1 {Bc1 is the strong threat.} Nxe3 32. Qxe3 Qxb4 33. Rc1 $1 Rc8 {[%cal Re7c5]} 34. c6 Qa5 35. g3 b4 36. Bh3 Bg5 37. Bg4 Qa4 38. Bd1 Qb5 ({Black should try} 38... Qa3 $11 39. Qxa3 bxa3) 39. Be2 ({White should play} 39. c7 $14) 39... Qa5 40. h4 Bd8 41. Kh2 Bb6 42. Qe4 b3 43. Rb1 Qc3 44. Bc4 b2 45. Kh3 Bc7 46. Nd3 $2 (46. Bxe6 $11 {and White has nothing to worry.} Bxe6+ 47. Nxe6 Bxe5 48. Nf4) 46... Rd8 $2 (46... Rb8 $19 {aiming for ...Bg6.} 47. Qf4 Qc2) 47. Nxb2 $2 {[%mdl 8192]} (47. h5 $1 $11 {and White stays safe.}) 47... Rd4 $19 48. Qe1 {[#]} Qc2 $2 (48... Rxc4 $2 49. Nxc4 Qxc4 50. Qc1 $17) ({Better is} 48... Qf3 $1 $19 {[%mdl 512] ( -> ...Rxh4+!)} 49. Be2 Qf5+ {[%mdl 64] Double Attack} 50. Kg2 Be8) 49. Bd3 $1 $15 {[%cal Rd3c2]} Qxc6 (49... Rxd3 $17 50. Nxd3 Qxd3) 50. Rc1 $132 {[%mdl 2048] White has counterplay} Qd7 51. Qe2 Bd8 52. Bb5 Qb7 53. Rd1 (53. Bd3 $11 {remains equal.}) 53... Bb6 (53... Rxd1 $17 54. Qxd1 Bc7) 54. Nc4 {Hoping for Nd6.} Rxd1 55. Qxd1 Bc7 56. Nd6 Qd5 ({Not} 56... Bxd6 $2 57. exd6 Qd5 58. Qxd5 $18) 57. Qxd5 exd5 {[%mdl 4096] Endgame KBB-KBN} 58. Kg4 Be6+ 59. Kf4 Kf8 60. Bd3 h6 61. Bf5 Ke7 62. Nb5 Bb6 63. g4 Bg1 (63... Kd7 $11) 64. Bxe6 $16 Kxe6 {KB-KN} 65. Nc7+ Kd7 66. Nxd5 {Strongly threatening Kf5.} Ke6 $2 {[%mdl 8192] [#]} (66... g6 $16 67. h5 gxh5) 67. Ke4 $1 $18 {White is clearly winning.} Bh2 {[#]} (67... Bf2 $142 68. Nf4+ Kf7) 68. Nf4+ $1 Kf7 69. Kf5 Bg3 70. h5 Bh4 71. Nd5 {Quite a comeback for White. Accuracy: White = 73%, Black = 60%.} (71. e6+ $142 Ke8 72. Kg6) 1-0

[Event "Kurnosov Memorial Rapid 2020"]
[Site "Chelyabinsk"]
[Date "2020.09.06"]
[Round "10.5"]
[White "Ponkratov, Pavel"]
[Black "Khanin, Semen"]
[Result "1/2-1/2"]
[WhiteElo "2631"]
[BlackElo "2482"]
[Annotator "TA"]
[PlyCount "68"]
[EventDate "2020.09.04"]
[EventType "swiss"]
[EventCountry "RUS"]
[SourceTitle "playchess.com"]
[Source "ChessBase"]
[SourceQuality "1"]

{[%evp 11,68,0,0,-8,8,0,-8,-4,0,-21,7,9,3,-23,5,6,19,13,14,14,9,22,12,0,4,0,0,0,20,16,31,25,24,25,15,20,13,12,19,0,0,0,0,-14,-12,-14,-15,-23,-8,-49,-14,-8,-16,-22,0,0,0,0,0]} 1. c4 e5 2. Nc3 Nf6 3. e3 Bb4 4. Nge2 O-O 5. a3 Be7 6. d4 exd4 7. Qxd4 {A22: English Opening: 1...e5 2 Nc3 Nf6.} c6 8. Nf4 Na6 9. Qd1 {[#]} Nc7 $146 ({Predecessor:} 9... Nc5 10. b4 Ne6 11. Nxe6 dxe6 12. Qc2 a5 13. Rb1 axb4 14. axb4 Qb6 15. c5 Qc7 16. Bd3 b6 17. cxb6 Qxb6 18. O-O Ba6 {½-½ (18) Neuman,P (2471)-Chytilek,R (2397) Czechia 2012}) 10. e4 d5 11. cxd5 cxd5 12. exd5 (12. Nfxd5 {looks sharper.} Ncxd5 13. exd5 Bg4 14. f3 Bh5 15. Be3) 12... Bd6 13. Be2 Bxf4 14. Bxf4 {White wants to play Bf3.} Ncxd5 15. Nxd5 Nxd5 16. Bg3 Be6 17. Qd4 Nf6 18. Qb4 a5 19. Qb5 Ne4 {[#] Strongly threatening ...Qd2+.} 20. Rd1 ({Don't go for} 20. Qxb7 $2 Qd2+ 21. Kf1 Rac8 $19) 20... Qf6 21. O-O Nxg3 22. fxg3 Qe7 23. Bf3 h6 24. Rf2 Rfd8 25. Rxd8+ Qxd8 26. Qxb7 Rc8 27. Rf1 Rb8 28. Qa7 Rxb2 29. Rd1 Rd2 30. Rb1 {[#] Threatens to win with Rb8.} Qd4+ 31. Qxd4 {The position is equal.} Rxd4 32. Rd1 Rxd1+ 33. Bxd1 Kf8 34. Kf2 Ke7 {A rather calm draw. Accuracy: White = 93%, Black = 85%.} 1/2-1/2

[Event "Kurnosov Memorial Rapid 2020"]
[Site "Chelyabinsk"]
[Date "2020.09.06"]
[Round "10.6"]
[White "Rakhmanov, Aleksandr"]
[Black "Afanasiev, Nikita"]
[Result "1-0"]
[WhiteElo "2645"]
[BlackElo "2507"]
[Annotator "TA"]
[PlyCount "183"]
[EventDate "2020.09.04"]
[EventType "swiss"]
[EventCountry "RUS"]
[SourceTitle "playchess.com"]
[Source "ChessBase"]
[SourceQuality "1"]

{[%evp 11,183,21,15,12,39,23,40,24,32,24,30,33,48,25,33,25,52,23,36,20,41,0,41,23,59,15,38,-15,36,24,36,-46,14,17,15,18,19,4,28,47,47,16,42,39,47,29,29,25,55,43,51,39,58,44,53,58,69,0,42,0,42,10,91,99,102,85,96,60,60,59,61,61,64,48,71,72,72,71,80,74,80,79,79,88,93,93,101,101,101,93,101,77,79,0,101,101,101,101,101,83,83,0,101,0,93,86,86,86,86,86,86,86,86,86,86,8,12,6,14,0,0,0,0,0,0,-8,-8,-8,-8,-8,-8,-100,-115,-112,0,0,0,0,0,0,0,0,0,0,0,0,0,0,152,8,32,0,152,152,152,152,152,152,152,152,152,152,29977,29977,29977,29978,29979,29980,29987,29988,29988,29989,29990,29991]} 1. Nf3 d5 2. g3 Nf6 3. Bg2 Nc6 4. d4 Bf5 5. O-O Nb4 6. Na3 e6 7. Ne5 {D02: 1 d4 d5 2 Nf3 sidelines, including 2...Nf6 3 g3 and 2...Nf6 3 Bf4.} Be7 8. c3 Na6 9. Qb3 {White is slightly better.} Qc8 10. Bf4 O-O 11. Rac1 c6 12. Nc2 h6 13. c4 {[#]} Rd8 $146 ({Predecessor:} 13... Bh7 14. Bh3 Nc7 15. Nb4 dxc4 16. Rxc4 Ncd5 17. Nbd3 Ne4 18. Bc1 a5 19. Nf4 Nxf4 20. Bxf4 {0-1 (77) Teterev,V (2508)-Nevednichy,V (2528) Paleochora 2018}) 14. Rfd1 Bh7 15. Bh3 Bf5 16. Bg2 Bh7 17. h4 Be4 18. Bh3 Nc7 19. Nb4 (19. c5 $14) 19... dxc4 ({Black should play} 19... a5 $11 20. Nbd3 a4) 20. Nxc4 $14 Ncd5 21. Bd2 ({Better is} 21. Nxd5 $14 Bxd5 22. Bg2) 21... Nxb4 (21... Nb6 $15) 22. Bxb4 $11 Bxb4 23. Qxb4 Qc7 24. Qa5 (24. Ne5 {keeps more tension.} Rac8 25. Bg2 Bxg2 26. Kxg2 Nd7 27. Nd3) 24... Qxa5 (24... b6 {seems wilder.} 25. Qa3 Bd5 26. Ne3 Qd7 27. Nxd5 cxd5 28. Bf1 Rac8) 25. Nxa5 Rd7 26. Nb3 Rad8 27. f3 Bh7 28. e4 Kf8 29. Kf2 Ke7 30. Ke3 Rc7 31. Na5 Rdc8 32. b4 Nd7 33. Nc4 Nb6 34. Na5 Nd7 35. Rd3 f6 36. Rdc3 Bg8 (36... f5 $1 $11 {remains equal.}) 37. a3 $16 Bf7 38. f4 a6 39. Bg2 Nb6 $1 40. Bf3 Rd8 41. Nb3 Na4 42. Rd3 Rcd7 43. Nc5 Nxc5 44. Rxc5 ({Much weaker is} 44. bxc5 $6 e5 $11) 44... Be8 45. a4 Rd6 46. a5 R6d7 47. h5 Bf7 48. g4 Rd6 49. Rd2 R6d7 50. Be2 Rd6 51. Bc4 R6d7 52. Be2 Rd6 $1 53. Bf1 R6d7 54. Bg2 Rd6 55. Bh3 R6d7 56. Bg2 Rd6 $1 57. Bf3 R6d7 58. Rd1 Rd6 59. Be2 R6d7 60. Rd3 Rd6 61. Rd2 R6d7 62. Rd1 Rd6 63. g5 (63. Bf3 $16) 63... hxg5 $11 64. fxg5 e5 $1 {[%cal Rd6d4]} 65. gxf6+ gxf6 {[%cal Re5d4]} 66. d5 cxd5 67. exd5 f5 {[%cal Rf7d5]} 68. Bf3 Kf6 69. Rc7 R8d7 70. Rxd7 $1 Rxd7 {[%mdl 4096] Endgame KRB-KRB} 71. Rg1 (71. h6 $1 $11) 71... e4 $17 ({Reject} 71... Bxd5 $6 72. Rg6+ Kf7 73. Bxd5+ Rxd5 74. Rg5 $11) 72. Be2 {[#]} Rxd5 (72... Ke5 $1 $17 73. Rg7 f4+ 74. Kf2 Kf6) 73. h6 $11 Rd8 {...Rh8 is the strong threat.} 74. Kf4 Rh8 75. Rh1 Rh7 76. b5 axb5 77. Bxb5 Be6 78. Rh2 Bf7 79. Ba4 Kg6 $2 (79... Bd5 $11) 80. Rg2+ ({White should try} 80. Bd7 $16 Kf6 81. Bxf5) 80... Kf6 81. Rh2 (81. Rb2 $14 Rxh6 82. Rb6+ Kg7 83. Rxb7 Rh4+ 84. Kxf5) 81... Kg6 $16 82. Bd7 Rxh6 83. Bxf5+ {[%mdl 64] Double Attack} Kg7 84. Rxh6 Kxh6 85. Bxe4 {KB-KB} Bc4 86. Bxb7 Kg6 $2 {Loses the game.} (86... Kg7 $16 87. Ke5 Kf8) 87. Ke5 {White mates.} Be2 88. Bd5 Kg7 {[#]} 89. Kd4 $1 Kf6 90. Bc4 Bg4 91. a6 {[%cal Ba5a6,Ba6a7][%mdl 32]} Ke7 92. a7 {Accuracy: White = 79%, Black = 82%.} 1-0

[Event "Kurnosov Memorial Rapid 2020"]
[Site "Chelyabinsk"]
[Date "2020.09.06"]
[Round "10.7"]
[White "Kokarev, Dmitry"]
[Black "Faizrakhmanov, Ramil"]
[Result "0-1"]
[WhiteElo "2611"]
[BlackElo "2451"]
[Annotator "TA"]
[PlyCount "94"]
[EventDate "2020.09.04"]
[EventType "swiss"]
[EventCountry "RUS"]
[SourceTitle "playchess.com"]
[Source "ChessBase"]
[SourceQuality "1"]

{[%evp 23,94,0,0,-24,-22,-4,-18,-17,-13,-14,-11,0,0,-4,-10,-20,-23,-85,-81,-93,-89,-181,-118,-137,-129,-142,-124,-203,-128,-137,-130,-173,-117,-136,-99,-103,-98,-106,-68,-107,-103,-131,-131,-131,-131,-227,-216,-322,-320,-337,-351,-390,-382,-447,-418,-503,-513,-508,-500,-519,-495,-659,-639,-626,-593,-887,-843,-989,-975,-12835,-6435,-2093,-1980]} 1. e4 c6 2. d4 d5 3. Nc3 dxe4 4. Nxe4 Bf5 5. Ng3 Bg6 6. h4 h6 7. Nf3 Nd7 8. h5 Bh7 9. Bd3 Bxd3 10. Qxd3 e6 11. Bd2 Ngf6 12. O-O-O Be7 13. Nf1 {[%cal Bg3f1,Bf1e3,Be3c4][%mdl 32] B19: Classical Caro-Kann: 4...Bf5 main line.} c5 14. Ne3 cxd4 15. Qxd4 {The position is equal.} Nc5 {[#]} 16. Bc3 $146 ({Predecessor:} 16. Qf4 O-O 17. Ng4 Nxg4 18. Qxg4 Bf6 19. Bc3 Qe7 20. Bxf6 Qxf6 21. Qd4 Qe7 22. Qe5 {½-½ (33) Vykouk,J (2440)-Perez Garcia,A (2361) Mamaia 2017}) 16... Qxd4 17. Bxd4 Nce4 18. Nc4 Rc8 19. Nfe5 O-O 20. g4 {[#]} (20. a3 $11) 20... Nxg4 $1 $17 {[%mdl 512]} 21. Nxg4 {Strongly threatening Rhe1.} Rxc4 22. Ne5 (22. c3 $17) 22... Rcc8 ({Better is} 22... Ra4 $19 23. Kb1 Rd8) 23. Rhg1 Bg5+ 24. Kb1 Rfd8 25. Nf3 (25. c3 $17) 25... b6 26. Nxg5 Nxg5 27. Be3 f6 (27... Nf3 $19 28. Rh1 f5) 28. a4 Kf7 29. a5 bxa5 30. Bxa7 Nf3 31. Rxd8 Rxd8 $15 {[%mdl 4096] Endgame KRB-KRN} 32. Rg3 Nd2+ 33. Kc1 Rd7 {[#] aiming for ...Ne4.} 34. Bb8 (34. Be3 $17 Nf1 35. Rg4) 34... Ne4 $19 35. Ra3 (35. Rg2 {was worth a try.}) 35... Nxf2 {[%csl Gf2][%cal Rd7d1]} 36. b3 Rd5 37. Bc7 Rxh5 38. Bxa5 g5 39. Bb6 Rh1+ {Black is clearly winning.} 40. Kd2 Ne4+ 41. Kd3 f5 42. Bd4 g4 43. Ra7+ Kg6 44. Re7 g3 45. Rxe6+ Kg5 46. Re8 Rd1+ 47. Ke3 Re1+ {Accuracy: White = 42%, Black = 79%.} 0-1

[Event "Kurnosov Memorial Rapid 2020"]
[Site "Chelyabinsk"]
[Date "2020.09.06"]
[Round "10.8"]
[White "Zvjaginsev, Vadim"]
[Black "Predke, Alexandr"]
[Result "1-0"]
[WhiteElo "2617"]
[BlackElo "2684"]
[Annotator "TA"]
[PlyCount "86"]
[EventDate "2020.09.04"]
[EventType "swiss"]
[EventCountry "RUS"]
[SourceTitle "playchess.com"]
[Source "ChessBase"]
[SourceQuality "1"]

{[%evp 9,86,14,15,16,18,23,20,15,18,19,9,12,14,4,23,17,28,21,24,29,29,19,20,12,27,22,30,41,37,16,25,0,0,0,0,-44,-45,-44,0,0,0,0,7,0,0,-37,-10,-33,0,0,0,0,1,0,0,0,0,0,0,0,0,-227,-223,-4890,-82,-105,0,0,0,0,124,0,0,0,0,0,0,0,0]} 1. Nf3 d5 2. g3 Nf6 3. Bg2 c6 4. O-O Bg4 5. h3 Bxf3 6. exf3 {A07: Réti Opening: New York and Capablanca Systems.} e6 7. f4 Be7 8. d4 O-O 9. Nd2 {[%cal Bb1d2,Bd2b3,Bb3d4][%mdl 32]} c5 10. dxc5 Bxc5 {[#]} 11. c4 $146 ({Predecessor:} 11. Nb3 Bb6 12. c3 Nc6 13. Re1 Rc8 14. Be3 Bxe3 15. Rxe3 Qb6 16. Qd2 a5 17. Rd1 {0-1 (39) Lebermann,H (1968)-Friedrich,J (2217) Bad Homburg 2012}) 11... Nc6 12. Nb3 Bb6 13. c5 Bc7 14. Be3 Re8 15. Qd2 a5 16. Nd4 e5 17. fxe5 Bxe5 18. Rad1 Ne4 19. Bxe4 (19. Qc2 {is interesting.} Nxd4 20. Bxd4 Nf6 21. Be3 Bxg3 22. Bg5) 19... dxe4 20. Nxc6 bxc6 21. b3 Qf6 22. Qd7 h5 23. Bd4 Bxd4 24. Qxd4 Qf5 25. Rfe1 Re6 26. Re3 Rae8 27. Rde1 Re5 28. h4 R8e6 29. Qd8+ Kh7 30. Qxa5 Rxc5 31. Qd2 Rd5 $36 {[%mdl 2048] White is under pressure.} 32. Qe2 {[%cal Re3e4]} Rd4 33. a4 Qd5 34. Qc2 f5 35. R3e2 $2 {[#]} (35. Qe2 $11 {and White is okay.}) 35... f4 $1 $19 {[%mdl 512]} 36. Rxe4 $2 (36. Qc1 fxg3 37. fxg3) (36. gxf4 Qf5) 36... Rexe4 $2 (36... Rdxe4 $19 {and Black stays clearly on top.} 37. Rxe4 Qxe4) 37. f3 $17 {[%mdl 64] [#] Pin} Rd3 ({Of course not} 37... fxg3 $6 38. Rxe4 (38. fxe4 $2 {is the wrong capture.} Qd8 $19) 38... Rd2 39. Qc4 $11) (37... Kg8 $1 $17 38. fxe4 Qd7) 38. Rxe4 $11 {[%mdl 4096] Endgame KQR-KQR} Rd2 39. Qc3 fxg3 {[#]} (39... Rd1+ $11 {keeps the balance.} 40. Re1 Rxe1+ 41. Qxe1 Qxf3) 40. Re7 (40. Re5 $1 $16 {[%cal Re5d5]} Rd1+ 41. Kg2 Rd2+ 42. Kxg3) 40... Rd4 {The position is equal.} 41. Kg2 Qd6 42. Re2 Rxh4 {( -> ...Rh2+)} 43. Qe5 Qg6 {[%mdl 32768] Accuracy: White = 78%, Black = 82%. . Loss on time!?} 1-0

[Event "Kurnosov Memorial Rapid 2020"]
[Site "Chelyabinsk"]
[Date "2020.09.06"]
[Round "10.9"]
[White "Drygalov, Andrey"]
[Black "Demchenko, Anton"]
[Result "0-1"]
[WhiteElo "2495"]
[BlackElo "2641"]
[Annotator "TA"]
[PlyCount "104"]
[EventDate "2020.09.04"]
[EventType "swiss"]
[EventCountry "RUS"]
[SourceTitle "playchess.com"]
[Source "ChessBase"]
[SourceQuality "1"]

{[%evp 16,104,33,34,34,30,51,35,48,35,37,25,23,21,23,10,12,22,41,48,74,66,73,53,76,0,44,-19,-24,-14,-18,-29,-12,-18,0,0,0,0,-8,-8,-7,-38,0,-64,-73,-81,-78,-86,-95,-86,-100,-88,-93,-149,-175,-150,-166,-177,-160,-154,-159,-154,-151,-225,-225,-611,-608,-647,-640,-762,-736,-2003,-1983,-2671,-2438,-2872,-2725,-29972,-29973,-29974,-29975,-29969,-29976,-29977,-29978,-29977,-29978,-29978,-29979,-29979,-29979]} 1. e4 e5 2. Nf3 Nc6 3. Bc4 Nf6 4. d3 Be7 5. O-O O-O 6. Re1 d6 7. a4 Be6 8. Nbd2 {[%cal Bb1d2,Bd2f1,Bf1g3][%mdl 32]} Qd7 9. c3 a6 {C55: Two Knights: 4 d3, 4 d4 exd4 5 e5 and Max Lange Attack.} 10. Bxe6 fxe6 {[#]} 11. Nf1 $146 ({Predecessor:} 11. b4 Nh5 12. Nf1 Nf4 13. Ra2 Rf6 14. g3 Nh5 15. Ng5 Qe8 16. d4 h6 17. Nxe6 Rxe6 {1-0 (36) Rakotomaharo,F (2438)-Sochacki,W (2320) Paris 2019}) 11... h6 {White is slightly better.} 12. Ng3 a5 13. d4 exd4 14. Nxd4 Rf7 15. Qb3 Nxd4 16. cxd4 b6 17. Bd2 Raf8 18. f3 Nh7 19. Qb5 Qd8 20. Qb3 ({Better is} 20. Rac1 $16) 20... Bg5 21. f4 (21. Bxg5 $14 Nxg5 22. Rac1) 21... Bxf4 $11 22. Bxf4 Rxf4 23. Qxe6+ R4f7 24. Rf1 Qe7 (24... Ng5 {is interesting.} 25. Qb3 Qd7 26. Rxf7 Qxf7 27. Qe3 Qd7) 25. Qxe7 Rxe7 26. Rxf8+ Kxf8 {[%mdl 4096] Endgame KRN-KRN} 27. Kf2 Nf6 28. Re1 c5 29. d5 (29. Ke3 $11) 29... g6 $15 30. h3 {Black continues to play with concentration.} Rb7 31. e5 dxe5 $1 ({Of course not} 31... Nxd5 $6 32. Rd1 $11) 32. Rxe5 Re7 33. Rxe7 Kxe7 $17 {KN-KN} 34. Ke3 ({White should try} 34. Nf1) 34... Nxd5+ 35. Ke4 Ke6 $1 36. Nf1 Nf6+ 37. Kd3 {[#]} Ne8 $1 38. Ne3 {White wants to play Nc4.} Nd6 39. b3 {[#]} (39. Nf1 $17) 39... h5 $1 $19 40. Kc3 $2 (40. g4) 40... h4 41. Kd3 Ke5 42. Nd1 Kf4 43. Nc3 Kg3 44. Nd5 Kxg2 45. Nf4+ Kg3 46. Nxg6 Kxh3 {Black mates.} 47. Ke3 Kg3 48. Nf4 h3 49. Ne2+ Kg4 50. Kf2 Ne4+ 51. Kg1 Kf3 52. Nc1 Ke3 {Accuracy: White = 54%, Black = 91%.} 0-1